Los Salvadoreños frente a las elecciones legislativas y municipales

Guardado en:
Bibliografiske detaljer
Format: Texto
Fag:
Tags: Tilføj Tag
Ingen Tags, Vær først til at tagge denne postø!

MARC

LEADER 00000 a a2200000 04500
001 6643
003
040
245 |a Los Salvadoreños frente a las elecciones legislativas y municipales  
650 |a ELECCIONES  
650 |a PODER LEGISLATIVO  
650 |a GOBIERNO LOCAL  
650 |a EL SALVADOR  
773 |g volumen 23, número 1038; páginas 11-13  
999 |c 32823  |d 32823